banner-ar

سراج السالك شرح أسهل المسالك / (Record no. 37711)

MARC details
000 -الفاتح
حقل البيانات ثابتة الطول 00585nam a2200193Ia 4500
008 - عناصر البيانات ثابتة الطول - معلومات عامة
حقل البيانات ثابتة الطول 140319s9999 xx 000 0 ara d
040 ## - مصدر الفهرسة
وكالة الفهرسة الأصلية GCL /
وكالة النسخ GCL
082 04 - رقم تصنيف ديوى العشرى
رقم التصنيف 252
رقم المادة ع ى
100 1# - المدخل الرئيسى - إسم شخصى
الإسم الشخصى عثمان بن حسنين برى الجعلى الما
245 10 - بيان العنوان
العنوان سراج السالك شرح أسهل المسالك /
بيان المسئوليه,etc عثمان بن حسنين برى الجعلى الما
300 ## - الوصف المادى
التعداد 264 ص
490 ## - بيان السلسلة
عنوان السلسلة
650 04 - المدخل الاضافى بالموضوع-مصطلح موضوعى
مصطلح موضوعي الصلاة
650 04 - المدخل الاضافى بالموضوع-مصطلح موضوعى
مصطلح موضوعي الزكاة
650 04 - المدخل الاضافى بالموضوع-مصطلح موضوعى
مصطلح موضوعي الشريعة الاسلامية
650 04 - المدخل الاضافى بالموضوع-مصطلح موضوعى
مصطلح موضوعي العبادات
942 ## - عناصر المدخل الإضافي( كوها)
مصدر التصنيف او مخطط الترفيف Dewey Decimal Classification
Koha [default] item type كتاب
Holdings
حالة التراجع حالة الفقد حالة تلف ليس للاعارة المكان المؤقت الموقع الحالى تاريخ الاكتساب اجمالي اﻻعارات رقم الطلب الباركود تاريخ اخر مشاهدة تاريخ تفعيل السعر نوع وعاء كوها
        مكتبة القاهرة الكبرى مكتبة القاهرة الكبرى 03/26/2014   252\ع ى 92084 03/26/2014 03/26/2014 كتاب

Powered By

EGPV